000 00626cam a2200217 a 4500
999 _c849
_d849
020 _a0070549850 (acidfree paper)
050 0 0 _aHA29
_b.R85 1996
100 _aRunyon, Richard P.
245 0 0 _aFundamentals of behavioral statistics.
250 _a8th ed. /
260 _aNew York :
_bMcGraw-Hill,
_cc1996.
300 _axxv, 721 p. :
_bill. (some col.) ;
_c24 cm.
500 _aincludes bibliographic reference
650 0 _aSocial sciences
_xStatistical methods.
650 0 _aStatistics.
650 2 _aPsychometrics.
650 2 _aStatistics.
700 1 _aHaber, Audrey
700 1 _aPittenger, David J.
942 _cBK